Public aid to mothers with dependent children, (Record no. 35834)
[ view plain ]
| 000 -LEADER | |
|---|---|
| fixed length control field | 00944cam a22002411 4500 |
| 001 - CONTROL NUMBER | |
| control field | l 26000275 |
| 003 - CONTROL NUMBER IDENTIFIER | |
| control field | DLC |
| 005 - DATE AND TIME OF LATEST TRANSACTION | |
| control field | 20260227111530.0 |
| 008 - FIXED-LENGTH DATA ELEMENTS--GENERAL INFORMATION | |
| fixed length control field | 890630s1926 dcub f000 0 eng c |
| 010 ## - LIBRARY OF CONGRESS CONTROL NUMBER | |
| LC control number | l 26000275 |
| 035 ## - SYSTEM CONTROL NUMBER | |
| System control number | (OCoLC)19953819 |
| 040 ## - CATALOGING SOURCE | |
| Original cataloging agency | U.S. Dept. of Labor. Library |
| Transcribing agency | MiDW |
| Modifying agency | MiDW |
| -- | OCoLC |
| -- | DLC |
| 050 00 - LIBRARY OF CONGRESS CALL NUMBER | |
| Classification number | HV741 |
| Item number | .A32 no. 162 |
| 100 1# - MAIN ENTRY--PERSONAL NAME | |
| Personal name | Lundberg, Emma Octavia. |
| 245 10 - TITLE STATEMENT | |
| Title | Public aid to mothers with dependent children, |
| Remainder of title | extent and fundamental principles, |
| Statement of responsibility, etc. | by Emma O. Lundberg ... |
| 260 ## - PUBLICATION, DISTRIBUTION, ETC. | |
| Place of publication, distribution, etc. | Washington, |
| Name of publisher, distributor, etc. | Govt. Print. Off., |
| Date of publication, distribution, etc. | 1926. |
| 300 ## - PHYSICAL DESCRIPTION | |
| Extent | iii, 18 p. incl. maps. |
| Dimensions | 23 cm. |
| 490 1# - SERIES STATEMENT | |
| Series statement | Bureau publication, |
| Volume/sequential designation | no. 162 |
| 500 ## - GENERAL NOTE | |
| General note | At head of title: U.S. Department of Labor. James J. Davis, secretary. Children's bureau. Grace Abbott, chief. |
| 650 #0 - SUBJECT ADDED ENTRY--TOPICAL TERM | |
| Topical term or geographic name entry element | Child welfare |
| Geographic subdivision | United States. |
| 650 #0 - SUBJECT ADDED ENTRY--TOPICAL TERM | |
| Topical term or geographic name entry element | Mothers' pensions. |
| 830 #0 - SERIES ADDED ENTRY--UNIFORM TITLE | |
| Uniform title | Bureau publication (United States. Children's Bureau) ; |
| Volume/sequential designation | no. 162 |
No items available.